Encyklopedie diplomacie

Na minha lista:
Detalhes bibliográficos
Autor principal: Hubinger, Václav
Formato: Livro
Idioma:tcheco
Publicado em: Praha Nakladatelství Libri 2006
Assuntos:
Tags: Adicionar Tag
Sem tags, seja o primeiro a adicionar uma tag!

MARC

LEADER 00000nam$a2200000$$$4500
001 0044619
005 20240313134410.1
020 |a 80-7277-296-1 
041 0 |a cze 
044 |a CZ 
245 1 0 |a Encyklopedie diplomacie  |c Václav Hubinger 
264 1 |a Praha  |b Nakladatelství Libri  |c 2006 
300 |a 191 s. 
610 2 0 |a diplomacia 
610 2 0 |a dohody medzinárodné 
610 2 0 |a terminológia 
100 1 |a Hubinger, Václav